| Tag |
First Indicator |
Second Indicator |
Subfields |
| LEADER |
00000cam a2200000 a 4500 |
| 001 |
in00000031268 |
| 005 |
20151007060347.0 |
| 007 |
he amb||||||| |
| 008 |
880920r19821982miua bb 00010 eng d |
| 035 |
|
|
|a (OCoLC)18503277
|
| 035 |
|
|
|9 AAC0661AM
|
| 040 |
|
|
|a TXA
|c TXA
|d UtOrBLW
|
| 043 |
|
|
|a n-mx---
|
| 049 |
|
|
|a TXAI
|
| 099 |
|
|
|a fiche
|a C
|a 7513
|
| 100 |
1 |
|
|a Ayon, Victor Monroy.
|
| 245 |
1 |
0 |
|a Mineral interrelationship between soil-plant-animal in the northern and southern regions of Veracruz, Mexico /
|c by Victor Monroy Ayon.
|
| 264 |
|
1 |
|a [Place of publication not identified] :
|b [publisher not identified] ;
|c 1982.
|
| 300 |
|
|
|a ix, 128 leaves :
|b illustrations
|
| 336 |
|
|
|a text
|b txt
|2 rdacontent
|
| 337 |
|
|
|a microform
|b h
|2 rdamedia
|
| 338 |
|
|
|a microfiche
|b he
|2 rdacarrier
|
| 502 |
|
|
|b M.S.
|c Michigan State University
|d 1982.
|
| 504 |
|
|
|a Bibliography: leaves 117-128.
|
| 533 |
|
|
|a Microfiche.
|b Ann Arbor, Mich. :
|c University Microfilms International,
|d 1982.
|e 2 microfiches ; 11 x 15 cm.
|
| 500 |
|
|
|a Microform.
|
| 650 |
|
0 |
|a Minerals in animal nutrition.
|
| 650 |
|
0 |
|a Soil mineralogy.
|
| 650 |
|
0 |
|a Cattle
|x Feeding and feeds.
|
| 650 |
|
0 |
|a Grasses
|z Mexico
|z Veracruz.
|
| 650 |
|
0 |
|a Pastures
|z Mexico
|z Veracruz.
|
| 650 |
|
0 |
|a Plants
|x Assimilation.
|
| 650 |
|
0 |
|a Cattle
|z Mexico
|z Veracruz.
|
| 999 |
|
|
|a MARS
|
| 999 |
f |
f |
|s 3c721170-606f-3a42-8d19-68e26c793253
|i fb68e83f-55d3-34f9-9436-83bbae5d98ff
|t 0
|
| 952 |
f |
f |
|p normal
|a Texas A&M University
|b College Station
|c Sterling C. Evans Library
|d Evans: Microforms (3rd floor)
|t 0
|e fiche C 7513
|h Other scheme
|i microform -- microfiche
|m A14823065856
|
| 998 |
f |
f |
|a fiche C 7513
|t 0
|l Evans: Microforms (3rd floor)
|